Loading...
Science - Biology | 0 | 9 | 0 | 1 | 90 | 59 | 86.78 | 6 | 9 |
Literature - World Literature | 0 | 8 | 0 | 2 | 80 | 72 | 111.75 | 5 | 8 |
Science - Chemistry | 0 | 8 | 1 | 0 | 75 | 37 | 68.38 | 8 | 8 |
Literature - European Literature | 0 | 7 | 1 | 2 | 65 | 46 | 99.00 | 5 | 7 |
Science - Physics | 0 | 6 | 0 | 2 | 60 | 57 | 92.50 | 2 | 6 |
Literature - American Literature | 0 | 6 | 1 | 0 | 55 | 63 | 93.83 | 6 | 6 |
Science - Other Science | 0 | 3 | 0 | 1 | 30 | 82 | 95.33 | 2 | 3 |
Mythology | 0 | 2 | 0 | 1 | 20 | 102 | 119.00 | 0 | 2 |
Philosophy | 0 | 2 | 0 | 0 | 20 | 75 | 91.50 | 0 | 2 |
Literature - British Literature | 0 | 3 | 2 | 0 | 20 | 105 | 107.00 | 0 | 3 |
Fine Arts - Painting & Sculpture | 0 | 2 | 0 | 0 | 20 | 123 | 125.50 | 0 | 2 |
Religion | 0 | 1 | 0 | 0 | 10 | 120 | 120.00 | 0 | 1 |
Fine Arts - Classical Music | 0 | 1 | 0 | 0 | 10 | 100 | 100.00 | 1 | 1 |
Fine Arts - Other Fine Arts | 0 | 1 | 0 | 0 | 10 | 133 | 133.00 | 0 | 1 |
History - Other History | 0 | 1 | 0 | 0 | 10 | 76 | 76.00 | 1 | 1 |
History - American History | 0 | 1 | 0 | 0 | 10 | 66 | 66.00 | 0 | 1 |